Regional Responses to a Changing Context: Housing Associations and Market Renting in the North East and North West of England (Record no. 121793)

MARC details
000 -LEADER
fixed length control field 01254nam a22002057a 4500
008 - FIXED-LENGTH DATA ELEMENTS--GENERAL INFORMATION
fixed length control field 240205s2016 xxk|||||o|||| 00| 0 eng d
041 ## - LANGUAGE CODE
Language code of text/sound track or separate title eng
110 ## - MAIN ENTRY--CORPORATE NAME
Corporate author Royal Institution of Chartered Surveyors
245 ## - TITLE STATEMENT
Title Regional Responses to a Changing Context: Housing Associations and Market Renting in the North East and North West of England
Medium [Electronic resource]
260 ## - PUBLICATION INFORMATION
Place of publication London,
Publisher RICS Resesarch Trust,
Date March 2016
300 ## - PHYSICAL DESCRIPTION
Physical description 36p.
490 ## - SERIES TITLE
Series statement RICS Research
520 ## - ABSTRACT
Abstract the research aimed to examine the <br/>extent and nature of market renting provision amongst <br/>housing associations, but also – crucially - to explore <br/>the strategic decision making processes shaping such <br/>activity. While much of the discussion of market renting <br/>amongst housing associations so far has been located in <br/>London and the South East, this research was conducted <br/>in the North East and North West regions of England.
650 ## - KEYWORDS
Keywords SOCIAL HOUSING
651 ## - SUBJECT ADDED ENTRY--GEOGRAPHIC NAME
Geographic name England
690 ## - BROAD SUBJECT
9 (RLIN) 6215
Broad subject Affordable housing
710 ## - ADDED CORPORATE NAME
Added corporate author Royal Institution of Chartered Surveyors
856 ## - ONLINE RESOURCE
Uniform Resource Identifier <a href="https://www.propertyresearchtrust.org/uploads/1/3/4/8/134819607/housing_associations_and_market_renting.pdf">https://www.propertyresearchtrust.org/uploads/1/3/4/8/134819607/housing_associations_and_market_renting.pdf</a>
Public note Available free via Property Research Trust
942 ## - ADDED ENTRY ELEMENTS (KOHA)
Suppress in OPAC Do not suppress in OPAC
Holdings
Lost status Damaged status Not for loan Current library Shelving location Date acquired Total Checkouts Full call number Date last seen Price effective from Koha item type
      Virtual Online 05/02/2024   ONLINE PUBLICATION 05/02/2024 05/02/2024 Online material